00345nam a2200133 450000500170000010000280001724500230004526400380006830000180010633600220012433700240014633800240017099900170019420260530113843.01 aPepin Von Roojen93044110aJapanese Patterns  1bPEPIN Agile Rabitt Editionsc2003 a168 páginas atexto2rdacontent asin medio2rdamedia avolumen2rdacarrier c11192d11192